|
|
|
|
| LEADER |
00000nam a22000007a 4500 |
| 005 |
20130118120828.0 |
| 007 |
cr|||| |||| |
| 008 |
130118c20119999pk zn|p s|||| 0|||a1eng d |
| 035 |
|
|
|a 6893
|
| 040 |
|
|
|a vLex
|
| 090 |
|
|
|c 3546
|d 3546
|
| 245 |
0 |
0 |
|a Pakistan Journal of Criminology
|h [Recurso electrn̤ico]
|
| 256 |
|
|
|a Servicio en ln̕ea
|
| 260 |
|
|
|a Karachi :
|b AsiaNet Pakistan (Pvt) Ltd.
|c 2011
|
| 300 |
|
|
|a 1 Recurso electrn̤ico
|
| 650 |
0 |
4 |
|a Criminologa̕
|z Pakistǹ
|
| 740 |
|
|
|a vLex Revistas (Servicio en ln̕ea)
|
| 856 |
|
|
|a Acceso restringido
|u http://www.vlex.com/source/6893
|
| 942 |
|
|
|c REV
|
| 999 |
|
0 |
|a Criminology
|